| 000 | 00783ntm a22002297a 4500 | ||
|---|---|---|---|
| 005 | 20170813150125.0 | ||
| 008 | 170802s2014 xx a frb 000 0 eng d | ||
| 040 |
_aEG-ScBUE _beng _cEG-ScBUE |
||
| 082 | 0 | 4 |
_222 _a624 _bMAD |
| 100 | 1 | _aMadbouly, Hassan Nasser Hassan. | |
| 245 | 1 | 0 |
_aDesign thesis / _cHassan Nasser Hassan Madbouly. |
| 260 | _c2014. | ||
| 300 |
_a1 v. : _bill. (col.) ; _c28 cm. |
||
| 500 | _aA dissertation submitted to the Faculty of engineering, the British University in Egypt,in partial fulfiment of the requirement for the bachelor degree in civil engineering. | ||
| 590 | _amanar | ||
| 650 | 7 |
_2BUEsh _vProjects _aCivil Engineering |
|
| 653 |
_bENGCIV _cAugust2017 |
||
| 655 | _vSPRO | ||
| 700 | 1 |
_aKandil, Khaled. _eths |
|
| 777 | _ASPRO | ||
| 942 | _2ddc | ||
| 999 |
_c25365 _d25337 |
||